Shortest U.S Presidents - Statistics

General Stats
  • This quiz has been taken 64 times
  • The average score is 5 of 6
Answer Stats
Height President % Correct
5'4" James Madison
87%
5'7" John Adams
87%
5'7" John Quincy Adams
87%
5'6" Martin Van Buren
73%
5'6" Benjamin Harrison
65%
5'7" William McKinley
51%
No matching quizzes found
Score Distribution
Percent of People with Each Score
Percentile by Number Answered
Your Score History
You have not taken this quiz